00944cam a22002411 45000010005000000030008000050050017000130080039000300350018000690350018000870400041001050410008001460820023001541000040001772450161002172600063003783000021004415040027004626510044004899420012005339990015005459520142005602841BD-RjUL20211208233628.0131217s1963 ncu b 000 0 eng a(BD-RjUL)2868 a(OCoLC)857157 aDLCcVtMiMdOCoLCdDLCdBD-RjULbeng aeng a337.0973bKES 19631 aKelly, William Boland,d1926-9911100aStudies in United States commercial policy /cdirected by Harry C. Hawkins and John M. Leddy [at the Fletcher School of Law and Diplomacy, Tufts University] aChapel Hill :bUniversity of North Carolina Press,cc1963. a262 p. ;c24 cm. aIncludes bibliography. 0aUnited StatesxCommercial policy.98618 2ddccBK c2841d2841 00102ddc40718NFICaRUCLbRUCLcreadingd1970-04-07eZeittingerg69.00l0o337.0973 KES 1963r2013-12-17 00:00:00tC-1w2013-12-17yBK